Winning
| Main Author: | |
|---|---|
| Other Authors: | |
| Format: | Book |
| Published: |
London :
Harpercollins Publishers ,
2005
|
| Subjects: |
MARC
| LEADER | 00000cam a2200000 7i4500 | ||
|---|---|---|---|
| 001 | 0000015858 | ||
| 005 | 20080603.0 | ||
| 008 | 150408 | ||
| 020 | |a 0007197675 | ||
| 090 | 0 | 0 | |a 658.409 |b WEL |
| 100 | 1 | |a Welch, Jack | |
| 245 | 1 | 0 | |a Winning |c Jack Welch with Suzy Welch |
| 260 | |a London : |b Harpercollins Publishers , |c 2005 | ||
| 650 | 0 | |a Negotation in business | |
| 650 | 0 | |a Strategic planning | |
| 650 | 0 | |a Success in business | |
| 700 | 1 | |a Welch, Suzy | |
| 999 | |a 0001015255 |b Book |c Adult Collection |e Perbadanan Perpustakaan Awam Johor | ||
| 999 | |a 0001017066 |b Book |c Adult Collection |e Cawangan Tangkak | ||